00450 2200181 4500001002100000005001500021008004100036020002200077035001900099041000700118082000800125090001400133100001300147245003200160260003900192300002200231650001500253INLIS00000000001846820241224115517241224||||||||| | ||| |||| || |  a978-979-1168-29-8 0010-1224018468 aid0 a813 a813 MAH p0 aMaharani00aPriki Was Chased by a Snake aJakartabBestari Buana Murnic2008 a24hlm;20,5x20,5cm 0afiksi anak